000 00778nam a22002417a 4500
003 UA-OsUOA
001 47250
007 ta
008 20120607b un ||||| |||| 00| 0 ukr d
100 _aВ.І-с
090 _a321
_bВ11
942 _cBK
040 _aUA-OsUOA
_bukr
_cUA-OsUOA
_dUA-OsUOA
245 _aІмперіялізм Московщини, Росії та Совєтського Союзу.
300 _a109 с.
955 _a1
041 _aukr
080 _a321
260 _aВінніпег
_c1952
650 7 _a321 Форми політичних організацій. Держави як політичні влади
_2UDC
999 _c427358
_d427358